01717nam a22001817a 4500003000400000005001700004008004100021020001800062082004800080100002100128245003400149250000600183260004300189300003100232490004700263520120500310700002001515OSt20260415100020.0260415b |||||||| |||| 00| 0 eng d a9781471534980 29781471534980a9781471534980b9781471534980 a Virginia Evans  aOn Screen 3 - Student's Book  a3 aE.E U,Ub ‎ Express Publishingc2015 a185 PAG c 27,6 x 21,6 cm. 3acabado plastificado mate o semibrillante. aOn Screen es una serie de nueve cursos para estudiantes de inglés desde el nivel de principiante hasta el nivel de competencia. La serie combina el aprendizaje activo del inglés con una variedad de temas animados presentados en módulos temáticos. Características clave Un enfoque integrado para el desarrollo de las cuatro habilidades lingüísticas Nociones y funciones Presentación y práctica del vocabulario Variedad de tareas de lectura, comprensión auditiva y expresión oral Presentación de la gramática en contexto Actividades que fomentan el pensamiento crítico así como la investigación web Secciones de escritura que contienen modelos y desarrollo de habilidades de escritura y banco de escritura Actividades realistas de trabajo en grupo y trabajo en pareja Secciones de pronunciación e entonación Habilidades de estudio para ayudar a los estudiantes a convertirse en aprendices autónomos Secciones prácticas de inglés que preparan a los estudiantes para usar el idioma en situaciones de la vida real Secciones culturales y CLIL para cada módulo Revisión de idiomas Sección de referencia de gramática Pizarra blanca interactiva (IWB) Software a Virginia Evans